Common City Endings on a Map - Statistics

General Stats
  • This quiz has been taken 22 times
  • The average score is 23 of 57
Answers on the Map
Answers color-coded by a green-red scale on the quiz's map according to % correct below.
 
Answer Stats
Country Ending % Correct
United States (Ton) Houston
88%
Germany (Burg) Hamburg
76%
South Africa (Burg) Johannesburg
76%
Mexico (City) Mexico City
76%
Russia (Burg) Saint Petersburg
71%
United States (City) New York City
71%
United Kingdom (Ham) Birmingham
71%
United States (Ton) Washington
71%
United Kingdom (Ham) Cheltenham
65%
United Kingdom (Ham) Nottingham
65%
United States (Ton) Boston
65%
United States (Ville) Jacksonville
65%
India (Bad) Ahmedabad
59%
India (Bad) Hyderābād
59%
Vietnam (City) Ho Chi Minh City
59%
Congo (Brazzaville) (Ville) Brazzaville
59%
United States (Ville) Nashville
59%
Pakistan (Bad) Faisalabad
53%
United States (Polis) Indianapolis
53%
United States (Polis) Minneapolis
53%
Serbia (Grad) Belgrade
47%
Russia (Grad) Kaliningrad
47%
Russia (Grad) Volgograd
47%
Brazil (Polis) Florianópolis
47%
United Kingdom (Ford) Bradford
41%
United States (Ford) Hartford
41%
United States (Ford) Rockford
41%
Russia (Gorod) Belgorod
35%
Russia (Gorod) Nizhniy Novgorod
35%
Russia (Gorod) Velikiy Novgorod
35%
China (Ing) Baoding
35%
China (Ing) Beijing
35%
China (Ing) Chongqing
35%
United Kingdom (Wich) Norwich
35%
United Kingdom (By) Derby
29%
Australia (Wich) Ipswich
29%
United Kingdom (Wich) West Bromwich
29%
China (Zhou) Guangzhou
29%
China (Zhou) Hangzhou
29%
China (Zhou) Suzhou
29%
United Kingdom (By) Kirkby
24%
Sweden (By) Visby
24%
India (Pur) Jaipur
24%
India (Pur) Jamshedpur
24%
India (Pur) Nāgpur
24%
United Kingdom (Borough) Peterborough
18%
Turkey (Şehir) Eskişehir
18%
Turkey (Şehir) Kırşehir
18%
Turkey (Şehir) Yenişehir
18%
Germany (Stadt) Darmstadt
18%
Germany (Stadt) Ingolstadt
18%
Germany (Stadt) Neustadt
18%
United Kingdom (Borough) Farnborough
12%
United Kingdom (Borough) Scarborough
12%
India (Shahr) Bulandshahr
6%
Iran (Shahr) Eslāmshahr
6%
Iran (Shahr) Qā’em Shahr
6%
No matching quizzes found
Score Distribution
Percent of People with Each Score
Percentile by Number Answered
Your Score History
You have not taken this quiz